LEADER 00953cam0-22003371i-450- 001 990007074450403321 005 20070710114320.0 010 $a0-387-95110-5 035 $a000707445 035 $aFED01000707445 035 $a(Aleph)000707445FED01 035 $a000707445 100 $a20020422d2001----km-y0itay50------ba 101 0 $aeng 102 $aUS 105 $aa-------001yy 200 1 $aApplying and interpreting statistics$ea comprehensive guide$fGlen McPherson 205 $a2. ed. 210 $aNew York$cSpringer$d2001 215 $aXXVIII, 640 p.$cill.$d24 cm 225 1 $aSpringer texts in statistics 610 0 $aInferenza statistica 676 $a519.54$v21$zita 700 1$aMcPherson,$bGlen$0103959 801 0$aIT$bUNINA$gRICA$2UNIMARC 901 $aBK 912 $a990007074450403321 952 $aVI E 924$b38103$fFSPBC 959 $aFSPBC 996 $aApplying and interpreting statistics$9157331 997 $aUNINA LEADER 00898nam0-2200289---450- 001 990008798500403321 005 20090203104419.0 035 $a000879850 035 $aFED01000879850 035 $a(Aleph)000879850FED01 035 $a000879850 100 $a20090203d1995----km-y0itay50------ba 101 0 $aita 102 $aIT 105 $ay-------001yy 200 1 $a<>principali sentenze sul protocollo delle pubbliche amministrazioni$ecasistica, commento e note sentenza per sentenza$fAntonio Romiti 210 $aViareggio$cSAL$dİ1995 215 $a115 p.$d24 cm 676 $a342.450 6$v21$zita 700 1$aRomiti,$bAntonio$0326638 801 0$aIT$bUNINA$gRICA$2UNIMARC 901 $aBK 912 $a990008798500403321 952 $aVI F 247$b51865*$fFGBC 959 $aFGBC 996 $aPrincipali sentenze sul protocollo delle pubbliche amministrazioni$9205350 997 $aUNINA